Obchodný zákonník Text zákona s dôvodovou správou

Saved in:
Bibliographic Details
Format: Book
Language:Slovak
Published: Banská Bystrica Kosimpex 1991
Edition:1. vyd.
Subjects:
Tags: Add Tag
No Tags, Be the first to tag this record!

MARC

LEADER 00000nam a2200000 4500
001 c000469
005 20221214094410.3
020 |a 80-85534-02-9 
041 0 |a slo 
044 |a SK 
245 1 0 |a Obchodný zákonník  |b Text zákona s dôvodovou správou 
250 |a 1. vyd. 
264 1 |a Banská Bystrica  |b Kosimpex  |c 1991 
300 |a 360 s. 
610 2 0 |a právo obchodné 
610 2 0 |a podnikanie 
610 2 0 |a investície zahraničné 
610 2 0 |a register obchodný 
610 2 0 |a účtovníctvo 
610 2 0 |a súťaž nekalá 
610 2 0 |a spoločnosti obchodné 
610 2 0 |a spoločnosti akciové 
610 2 0 |a likvidácia podniku 
610 2 0 |a záväzky 
610 2 0 |a zmluvy kúpne 
610 2 0 |a zmluvy hospodárske 
610 2 0 |a zmluvy licenčné 
610 2 0 |a ČSFR 
610 2 0 |a zákonník obchodný